Protecciones contra descargas atmosféricas teoría y normativa

Αποθηκεύτηκε σε:
Λεπτομέρειες βιβλιογραφικής εγγραφής
Κύριος συγγραφέας: Bolaños Quirós, César
Μορφή: Βιβλίο
Έκδοση: [San José, Costa Rica] 2008
Θέματα:
Ετικέτες: Προσθήκη ετικέτας
Δεν υπάρχουν, Καταχωρήστε ετικέτα πρώτοι!

MARC

LEADER 00000nam a2200000Ia 4500
003 001339
005 20221231144050.0
008 140114s2008 cr a 000 ||s d
040 |c cru CEDI 
090 |a TFG 5862 
100 |a Bolaños Quirós, César   |9 3844 
245 |a Protecciones contra descargas atmosféricas teoría y normativa 
260 |c 2008  |b [San José, Costa Rica] 
300 |a xi, 99 hojas; ilustraciones 
500 |a Proyecto de graduación (bachillerato en ingeniería eléctrica)--Universidad de Costa Rica. Facultad de Ingeniería. Escuela de Ingeniería Eléctrica 
650 |x DESCARGAS ELECTRICAS   |x  RAYOS ATMOSFERICOS   |x  MEDIDAS DE SEGURIDAD  |x NORMAS  |9 3845 
942 |c TFG 
999 |c 16374  |d 16374